| 000 | 00868nam a22002177a 4500 | ||
|---|---|---|---|
| 003 | JO-AjAnu | ||
| 005 | 20251018122855.0 | ||
| 008 | 251018b jo ||||| |||| 00| 0 ara d | ||
| 020 | _a9789957678555 | ||
| 040 |
_aJO-AjAnu _bara _cJO-AjAnu _dJO-AjAnu _erda |
||
| 041 |
_aara _hara |
||
| 050 |
_aPJ6161 _b2021 |
||
| 100 | 1 |
_aالعنبر، عبدالله _eمؤلف _966884 |
|
| 245 | 0 |
_aالنظريات النصية والتحولات المنهجية : فضاء المثاقفة وتعدد القراءات / _cعبدالله العنبر |
|
| 250 | _aالطبعة الاولى | ||
| 260 |
_aعمان : _bالمؤلف، _c2021 |
||
| 300 | _a202 صفحة | ||
| 504 | _aيحتوي على مصادر ومراجع | ||
| 650 | 7 | 0 |
_aاللسانيات-الاسلوب الادبي-النظريات البلاغية-اللغة العربية _966885 |
| 942 |
_2lcc _cBK _n0 |
||
| 999 |
_c34129 _d34129 |
||